01151 2200361 4500001002100000005001500021035002000036007000300056008004100059020002200100082001500122084001700137100004300154245013000197250003500327300005100362650002300413700002800436700002800464700002100492700002100513700002300534264003700557336002100594337003000615338002300645040002200668090002100690090002200711850001200733999002200745990002200767INLIS00000000085587520200702103846 a0010-0720000088ta200702s2019 yoia b | ind d a978-623-7324-40-904223a028.55 a028.55 VIK k0 aVika Varia Mato Vanad1987-ePengarang10aKisah inspiratif putri muslimah /cVika Varia Mato Vana; penyunting, Karina Tyas; ilustrator, Aulia Riana, Hana, Lita, Revina aCetakan pertama: Agustus, 2019 aiv, 119 halaman :bilustrasi berwarna ;c23 cm 4aBacaan kanak-kanak0 aKarina TyasePenyunting0 aAulia RianaeIlustrator0 aHanaeIlustrator0 aLitaeIlustrator0 aRevinaeIlustrator31aYogyakarta :bMueeza Kids,c2019 2rdacontentateks 2rdamediaatanpa perantara 2rdacarrieravolume aYOPDYOGbinderda aDEP 028.55 VIK k aCB-D.11 2019-2749 aYOPDYOG aCB-D.11/2019-2749 aCB-D.11/2019-2749